[Event "BL 1011 Nickelhütte Aue - SC Eppingen"]
[Site "?"]
[Date "2011.02.06"]
[Round "9.6"]
[White "Rosko, Lubos"]
[Black "Medvegy, Zoltan"]
[Result "1/2-1/2"]
[WhiteElo "2305"]
[BlackElo "2531"]
[PlyCount "60"]
[EventDate "2011.??.??"]

1. d4 Nf6 2. c4 e6 3. Nf3 Bb4+ 4. Nbd2 d6 5. Qc2 Qe7 6. a3 Bxd2+ 7. Bxd2 e5 8.
dxe5 dxe5 9. Bc3 Nc6 10. e3 a5 11. Be2 a4 12. Nd2 Bg4 13. Bxg4 Nxg4 14. Qf5 Nh6
15. Qe4 f6 16. Qd5 Nf7 17. O-O-O O-O 18. Ne4 Ra7 19. Qd7 Re8 20. Rd5 Qxd7 21.
Rxd7 b6 22. g4 Rd8 23. Rhd1 Rxd7 24. Rxd7 Kf8 25. h4 Ke8 26. Rd1 Na5 27. Bxa5
Rxa5 28. Kc2 Ke7 29. Kc3 c5 30. Kc2 Ke6 1/2-1/2

[Event "BL 1011 Nickelhütte Aue - SC Eppingen"]
[Site "?"]
[Date "2011.02.06"]
[Round "9.7"]
[White "Mann, Christian"]
[Black "Heinz, Juergen"]
[Result "1-0"]
[WhiteElo "2444"]
[BlackElo "2288"]
[PlyCount "113"]
[EventDate "2011.??.??"]

1. e4 e5 2. Nf3 Nc6 3. Bb5 Nf6 4. O-O Nxe4 5. Re1 Nd6 6. Nxe5 Be7 7. Bf1 Nxe5
8. Rxe5 O-O 9. d4 Bf6 10. Re1 Nf5 11. c3 d5 12. Bf4 c6 13. Nd2 Nh4 14. g3 Ng6
15. Be3 Be6 16. h4 Ne7 17. Bg5 Bxg5 18. hxg5 Qd6 19. Bd3 g6 20. Kg2 Bf5 21. Qe2
Bxd3 22. Qxe7 Qxe7 23. Rxe7 Rab8 24. Rae1 Rfc8 25. Nb3 Kf8 26. Nc5 Be4+ 27.
R7xe4 dxe4 28. Nd7+ Ke7 29. Nxb8 Rxb8 30. Rxe4+ Kd6 31. Rf4 Ke6 32. Kf3 Rh8 33.
Ke4 h5 34. b4 Ke7 35. c4 Rd8 36. Rf6 Rh8 37. d5 cxd5+ 38. cxd5 h4 39. d6+ Ke8
40. gxh4 Rxh4+ 41. Rf4 Rh5 42. Rg4 Rh2 43. Ke3 Rh3+ 44. f3 Rh1 45. Rc4 Ra1 46.
Rc8+ Kd7 47. Rc7+ Kxd6 48. Rxb7 Rxa2 49. Rxf7 Kd5 50. Rf6 Rb2 51. Rxg6 Rxb4 52.
Ra6 Rb7 53. Kf4 Kc5 54. g6 Kb5 55. Rf6 a5 56. Rf7 Rb8 57. g7 1-0

[Event "BL 1011 Nickelhütte Aue - SC Eppingen"]
[Site "?"]
[Date "2011.02.06"]
[Round "9.8"]
[White "Schnabel, Ralf"]
[Black "Vogt, Lothar"]
[Result "1/2-1/2"]
[WhiteElo "2259"]
[BlackElo "2423"]
[PlyCount "93"]
[EventDate "2011.??.??"]

1. e4 c5 2. Nf3 d6 3. d4 cxd4 4. Nxd4 Nf6 5. Nc3 g6 6. Be2 Bg7 7. O-O O-O 8.
Bg5 Nc6 9. Nb3 a6 10. Re1 b5 11. Bf1 h6 12. Bh4 Nd7 13. Rb1 Bb7 14. Nd5 g5 15.
Bg3 e6 16. Ne3 Nde5 17. c3 b4 18. c4 Qe7 19. Re2 Rfd8 20. Rd2 Rac8 21. f3 Rd7
22. Qe1 a5 23. Rbd1 Rcd8 24. Bf2 Ng6 25. c5 a4 26. cxd6 Rxd6 27. Nc1 Nge5 28.
Rxd6 Rxd6 29. Rxd6 Qxd6 30. Qd1 Qxd1 31. Nxd1 Na5 32. b3 axb3 33. Nxb3 Nxb3 34.
axb3 g4 35. Be2 gxf3 36. gxf3 f5 37. f4 Ng6 38. exf5 Nxf4 39. Bc4 Bd5 40. Bxd5
exd5 41. Be3 Nd3 42. Kf1 Kf7 43. Ke2 Ne5 44. Bd2 Kf6 45. Bxb4 Kxf5 46. Bc3 Bf8
47. Ne3+ 1/2-1/2

[Event "BL 1011 Werder Bremen - Turm Emsdetten"]
[Site "?"]
[Date "2011.02.06"]
[Round "9.1"]
[White "Giri, Anish"]
[Black "Gashimov, Vugar"]
[Result "0-1"]
[WhiteElo "2677"]
[BlackElo "2719"]
[PlyCount "60"]
[EventDate "2011.??.??"]

1. Nf3 c5 2. c4 Nc6 3. d4 cxd4 4. Nxd4 Qb6 5. Nb3 e6 6. Nc3 Nf6 7. a3 Be7 8. e4
O-O 9. Be2 Qd8 10. Bf4 d6 11. Qc2 a5 12. Rd1 e5 13. Be3 a4 14. Nc1 Ng4 15. Bxg4
Bxg4 16. N1e2 f5 17. Nd5 fxe4 18. Qxe4 Bf5 19. Nxe7+ Qxe7 20. Qd5+ Be6 21. Qxd6
Qf7 22. Bb6 Bxc4 23. Qd2 Nd4 24. Bxd4 exd4 25. O-O Rae8 26. Nxd4 Bxf1 27. Rxf1
Rd8 28. Qb4 Qf4 29. Nc2 Qxb4 30. Nxb4 Rd2 0-1

[Event "BL 1011 Werder Bremen - Turm Emsdetten"]
[Site "?"]
[Date "2011.02.06"]
[Round "9.2"]
[White "Fressinet, Laurent"]
[Black "Spoelman, Wouter"]
[Result "1/2-1/2"]
[WhiteElo "2718"]
[BlackElo "2538"]
[PlyCount "82"]
[EventDate "2011.??.??"]

1. Nf3 d5 2. c4 c6 3. e3 Nf6 4. Nc3 e6 5. b3 Nbd7 6. Bb2 Bd6 7. Qc2 O-O 8. Be2
a6 9. Rg1 b5 10. g4 bxc4 11. bxc4 Rb8 12. g5 Ne4 13. Nd4 Qc7 14. Nxe4 dxe4 15.
Bc3 c5 16. Nb3 Bb7 17. h4 Ne5 18. h5 f5 19. gxf6 Rxf6 20. Qb2 Rf5 21. Rg2 Rbf8
22. Qa3 Nd3+ 23. Bxd3 exd3 24. Rxg7+ Qxg7 25. Bxg7 Bf3 26. Nd4 cxd4 27. Qxd6
Kxg7 28. h6+ Kxh6 29. e4 Rf4 30. Rb1 Rxe4+ 31. Kf1 Be2+ 32. Kg2 Rg8+ 33. Kh3
Bg4+ 34. Kh2 Bf5 35. Qe7 Rf4 36. f3 Rg7 37. Qd8 Rg5 38. Qf8+ Kh5 39. Qf7+ Kh6
40. Qf8+ Kh5 41. Qf7+ Kh6 1/2-1/2

[Event "BL 1011 Werder Bremen - Turm Emsdetten"]
[Site "?"]
[Date "2011.02.06"]
[Round "9.5"]
[White "Pruijssers, Roeland"]
[Black "Roiz, Michael"]
[Result "1/2-1/2"]
[WhiteElo "2483"]
[BlackElo "2637"]
[PlyCount "42"]
[EventDate "2011.??.??"]

1. e4 c5 2. Nf3 a6 3. c3 e6 4. d4 d5 5. exd5 exd5 6. Be2 Bd6 7. O-O Nc6 8. dxc5
Bxc5 9. Nbd2 Nge7 10. Nb3 Bb6 11. Bg5 h6 12. Bh4 O-O 13. Nfd4 Qd6 14. Qd2 Bxd4
15. Nxd4 Nxd4 16. cxd4 Nf5 17. Bg3 Nxg3 18. hxg3 Bf5 19. Rac1 Rac8 20. a3 Rfe8
21. Rxc8 Rxc8 1/2-1/2

[Event "BL 1011 Werder Bremen - Turm Emsdetten"]
[Site "?"]
[Date "2011.02.06"]
[Round "9.6"]
[White "Nyback, Tomi"]
[Black "Breder, Dennis"]
[Result "1/2-1/2"]
[WhiteElo "2635"]
[BlackElo "2439"]
[PlyCount "144"]
[EventDate "2011.??.??"]

1. d4 d5 2. c4 c6 3. Nf3 e6 4. e3 Bd6 5. b3 f5 6. Bd3 Nf6 7. O-O Qe7 8. Bb2 O-O
9. Qc1 b6 10. Ba3 c5 11. cxd5 Nxd5 12. dxc5 bxc5 13. Nc3 Nxc3 14. Qxc3 Bb7 15.
Ne5 Na6 16. Bxa6 Bxa6 17. Rfd1 Bb7 18. f3 Bd5 19. Rd2 Rac8 20. Rad1 Qh4 21. Bb2
Rc7 22. g3 Qh6 23. Nc4 Be7 24. Rxd5 exd5 25. Rxd5 Qf6 26. Rxf5 Qxc3 27. Rxf8+
Kxf8 28. Bxc3 Rd7 29. Bd2 Bf6 30. Kf2 h5 31. e4 g6 32. f4 Bd4+ 33. Ke2 a6 34.
h3 Rh7 35. Kf3 Ke7 36. f5 Kf6 37. g4 hxg4+ 38. hxg4 Rh3+ 39. Kg2 Rd3 40. Bf4
gxf5 41. exf5 Rc3 42. Nd2 Rc2 43. Kf3 Rxa2 44. Ke4 a5 45. g5+ Kg7 46. Kd5 a4
47. bxa4 Rxa4 48. Nc4 Ra8 49. Bd6 Re8 50. Bf4 Rf8 51. Nd6 Rh8 52. Nb5 Bb2 53.
Nc7 Rh4 54. Ne6+ Kf7 55. Kxc5 Bf6 56. g6+ Kg8 57. Kd5 Rh5 58. Ke4 Rh4 59. Nc7
Rh1 60. Be3 Re1 61. Kf3 Rf1+ 62. Kg4 Ra1 63. Nd5 Ra4+ 64. Bf4 Kg7 65. Kh5 Bb2
66. Bh6+ Kh8 67. Bg5 Ra5 68. Ne3 Bc1 69. Kg4 Ra4+ 70. Kf3 Kg7 71. Be7 Ra5 72.
Bb4 Rxf5+ 1/2-1/2

[Event "BL 1011 Werder Bremen - Turm Emsdetten"]
[Site "?"]
[Date "2011.02.06"]
[Round "9.7"]
[White "Kleijn, Christov"]
[Black "Hracek, Zbynek"]
[Result "1-0"]
[WhiteElo "2427"]
[BlackElo "2633"]
[PlyCount "107"]
[EventDate "2011.??.??"]

1. e4 c5 2. Nf3 d6 3. d4 cxd4 4. Nxd4 Nf6 5. Nc3 Nc6 6. Bg5 e6 7. Qd2 a6 8.
O-O-O Bd7 9. f3 Be7 10. Kb1 b5 11. Nxc6 Bxc6 12. Bd3 O-O 13. h4 b4 14. Ne2 a5
15. g4 Qc7 16. Nd4 Rfc8 17. Nxc6 Qxc6 18. e5 Nd5 19. Bxe7 Nxe7 20. exd6 Nd5 21.
Be4 Qxd6 22. Bxd5 exd5 23. Qxd5 Qc7 24. Qf5 g6 25. Qd3 a4 26. h5 b3 27. cxb3
axb3 28. Qxb3 Rcb8 29. Qe3 Qb7 30. Rh2 Re8 31. Qd3 Qc7 32. Rhd2 Qf4 33. Qd4
Qxf3 34. h6 Qe4+ 35. Qxe4 Rxe4 36. Rd8+ Re8 37. Rxa8 Rxa8 38. b4 Kf8 39. Kb2
Ke7 40. Kb3 f5 41. gxf5 gxf5 42. a4 f4 43. b5 f3 44. Kb4 f2 45. a5 Rf8 46. a6
Rf4+ 47. Kc3 Rf3+ 48. Kd2 Ra3 49. Ke2 Ra5 50. Rb1 Ra2+ 51. Kf1 Kd7 52. b6 Kc8
53. b7+ Kb8 54. Rb6 1-0

[Event "BL 1011 Werder Bremen - Turm Emsdetten"]
[Site "?"]
[Date "2011.02.06"]
[Round "9.8"]
[White "Babula, Vlastimil"]
[Black "Kabatianski, Alexandr"]
[Result "1-0"]
[WhiteElo "2515"]
[BlackElo "2439"]
[PlyCount "87"]
[EventDate "2011.??.??"]

1. d4 Nf6 2. c4 e6 3. Nf3 b6 4. a3 Bb7 5. Nc3 d5 6. cxd5 Nxd5 7. Qc2 Nd7 8. e4
Nxc3 9. bxc3 c5 10. Bf4 Be7 11. Bd3 Qc8 12. Qb1 Ba6 13. O-O O-O 14. e5 Bxd3 15.
Qxd3 Re8 16. h4 Qc6 17. Bg5 Bf8 18. Nd2 f6 19. exf6 gxf6 20. Bf4 Rac8 21. Rfe1
cxd4 22. cxd4 b5 23. Ne4 Kh8 24. Bd2 Qd5 25. Bb4 Rc4 26. Nc3 Qxd4 27. Qxd4 Rxd4
28. Nxb5 Rxh4 29. Nc7 Rb8 30. Rxe6 Bxb4 31. axb4 Rhxb4 32. Rxa7 Rd4 33. g3 Kg7
34. Re7+ Kg6 35. Ne6 Rd1+ 36. Kg2 Ne5 37. Nf4+ Kf5 38. Rxh7 Rb4 39. Ra6 Rd2 40.
Rh5+ Ke4 41. Nh3 f5 42. Ng5+ Kd5 43. Ra5+ Kd4 44. Rh4+ 1-0

[Event "BL 1011 SK Delmenhorst - SV Wattenschei"]
[Site "?"]
[Date "2011.02.06"]
[Round "9.1"]
[White "Najer, Evgeniy"]
[Black "Heberla, Bartlomeij"]
[Result "1/2-1/2"]
[WhiteElo "2657"]
[BlackElo "2534"]
[PlyCount "74"]
[EventDate "2011.??.??"]

1. e4 c5 2. Nf3 e6 3. d4 cxd4 4. Nxd4 Nf6 5. Nc3 Nc6 6. g3 d5 7. exd5 exd5 8.
Bg2 Be7 9. O-O O-O 10. Be3 Re8 11. Qd2 Bb4 12. a3 Ba5 13. Rad1 Ne4 14. Bxe4
dxe4 15. Nxc6 Qxd2 16. Bxd2 Bxc3 17. Bxc3 bxc6 18. Rd6 Bh3 19. Re1 Rac8 20. Rd4
Bf5 21. Ra4 Re7 22. f3 e3 23. Bd4 c5 24. Rxe3 Rd7 25. Bxc5 Rd1+ 26. Kf2 Rd2+
27. Ke1 Rxc2 28. b4 Rxh2 29. g4 Be6 30. Rxa7 h5 31. gxh5 Rd8 32. Re2 Rh1+ 33.
Kf2 Rd3 34. b5 Rh2+ 35. Ke1 Rh1+ 36. Kf2 Rh2+ 37. Ke1 Rh1+ 1/2-1/2

[Event "BL 1011 SK Delmenhorst - SV Wattenschei"]
[Site "?"]
[Date "2011.02.06"]
[Round "9.2"]
[White "Jugelt, Tobias"]
[Black "Macieja, Bartlomiej"]
[Result "1/2-1/2"]
[WhiteElo "2409"]
[BlackElo "2651"]
[PlyCount "66"]
[EventDate "2011.??.??"]

1. d4 d5 2. c4 e6 3. Nc3 Nf6 4. cxd5 exd5 5. Bg5 c6 6. Qc2 Be7 7. e3 Nbd7 8.
Bd3 Nf8 9. Nf3 Ne6 10. Bh4 g6 11. Ne5 Ng7 12. f3 Bf5 13. Bf2 Nd7 14. Nxd7 Bxd3
15. Qxd3 Qxd7 16. e4 O-O 17. O-O Ne6 18. Rad1 Rad8 19. Rfe1 Rfe8 20. Be3 a6 21.
a4 Bb4 22. Qc2 Qc7 23. Qb3 Qa5 24. Bf2 Rd7 25. exd5 cxd5 26. Re5 Bxc3 27. bxc3
Rc8 28. Be1 b5 29. axb5 Qxb5 30. Qxb5 axb5 31. Rb1 Rb8 32. Re2 Rb6 33. Ra2 Rdb7
1/2-1/2

[Event "BL 1011 SK Delmenhorst - SV Wattenschei"]
[Site "?"]
[Date "2011.02.06"]
[Round "9.3"]
[White "Bogner, Sebastian"]
[Black "Luch, Michal"]
[Result "1-0"]
[WhiteElo "2549"]
[BlackElo "2385"]
[PlyCount "61"]
[EventDate "2011.??.??"]

1. d4 d5 2. c4 dxc4 3. e4 Nf6 4. e5 Nd5 5. Bxc4 e6 6. Nf3 c5 7. O-O Nc6 8. dxc5
Bxc5 9. Nbd2 Be7 10. Ne4 Nb6 11. Bb5 Qxd1 12. Rxd1 Bd7 13. Bg5 Nxe5 14. Nxe5
Bxb5 15. Bxe7 Kxe7 16. Nxf7 Bc6 17. Ned6 Rhf8 18. Ne5 Bd5 19. Nb5 Rf5 20. Re1
Rc8 21. Nc3 Rff8 22. Re3 Kd6 23. Rd1 Rf5 24. Nb5+ Ke7 25. Nd4 Rf4 26. Ne2 Rb4
27. Nd3 Re4 28. Rxe4 Bxe4 29. Ne1 Na4 30. Rd4 Rc1 31. Nxc1 1-0

[Event "BL 1011 SK Delmenhorst - SV Wattenschei"]
[Site "?"]
[Date "2011.02.06"]
[Round "9.4"]
[White "Lubczynski, Rafal"]
[Black "Rustemov, Alexander"]
[Result "1/2-1/2"]
[WhiteElo "2419"]
[BlackElo "2541"]
[PlyCount "77"]
[EventDate "2011.??.??"]

1. Nf3 d5 2. c4 c6 3. b3 Bg4 4. Bb2 e6 5. g3 Bxf3 6. exf3 Nd7 7. f4 Ngf6 8. Qc2
g6 9. Bg2 Bg7 10. O-O O-O 11. d4 a5 12. Nd2 a4 13. c5 axb3 14. axb3 Qc7 15. b4
b6 16. Bc3 Rfb8 17. Rfb1 Ne8 18. Bf1 Qb7 19. Nf3 Nc7 20. Ne5 Nxe5 21. fxe5 Rxa1
22. Rxa1 f6 23. exf6 Bxf6 24. Re1 bxc5 25. bxc5 Qb3 26. Qxb3 Rxb3 27. Ba5 Rb7
28. Bh3 Bxd4 29. Bb6 Kf7 30. Kg2 Rxb6 31. cxb6 Bxb6 32. Rc1 c5 33. Rb1 Ba5 34.
Rb7 c4 35. Ra7 Bb6 36. Rb7 Ba5 37. Ra7 Bb6 38. Rb7 Ba5 39. Ra7 1/2-1/2

[Event "BL 1011 SK Delmenhorst - SV Wattenschei"]
[Site "?"]
[Date "2011.02.06"]
[Round "9.5"]
[White "Appel, Ralf"]
[Black "Margraf, Daniel"]
[Result "1-0"]
[WhiteElo "2547"]
[BlackElo "2264"]
[PlyCount "77"]
[EventDate "2011.??.??"]

1. Nf3 Nf6 2. d4 d5 3. c4 c6 4. Nc3 g6 5. cxd5 cxd5 6. Bf4 Nc6 7. e3 Bg7 8. Bd3
O-O 9. h3 Qb6 10. a3 a6 11. O-O Bf5 12. Na4 Qa7 13. Bxf5 gxf5 14. Qd3 b5 15.
Nc5 Ne4 16. b4 e6 17. Rac1 Rfc8 18. Rc2 Ne7 19. Rfc1 Rc6 20. Ne5 Bxe5 21. Bxe5
f6 22. Bf4 Qb6 23. f3 Nxc5 24. dxc5 Qb7 25. Bd6 Nc8 26. Bg3 Ne7 27. e4 fxe4 28.
fxe4 dxe4 29. Qxe4 Nf5 30. Be1 Kf7 31. g4 Rg8 32. Rg2 Ne7 33. Rd1 Rc7 34. Qxh7+
Rg7 35. Qd3 Nd5 36. Bg3 Rd7 37. Rf2 Kg8 38. Qe4 Nxb4 39. Qxe6+ 1-0

[Event "BL 1011 SK Delmenhorst - SV Wattenschei"]
[Site "?"]
[Date "2011.02.06"]
[Round "9.6"]
[White "Hoeffer, David"]
[Black "Holzke, Frank Dr"]
[Result "0-1"]
[WhiteElo "2259"]
[BlackElo "2502"]
[PlyCount "60"]
[EventDate "2011.??.??"]

1. d4 d5 2. c4 c6 3. Nf3 Nf6 4. e3 Bf5 5. Nc3 e6 6. Nh4 Be4 7. f3 Bg6 8. Qb3
Qc7 9. Bd2 Nbd7 10. g3 a6 11. Rc1 Be7 12. Nxg6 hxg6 13. f4 dxc4 14. Bxc4 b5 15.
Be2 c5 16. Bf3 Rc8 17. d5 c4 18. Qc2 Nc5 19. dxe6 Nd3+ 20. Kf1 Nxc1 21. exf7+
Kxf7 22. Bxc1 Qd7 23. e4 b4 24. Na4 Qb5 25. e5 b3 26. e6+ Kg8 27. Qxg6 bxa2 28.
Qf7+ Kh7 29. Bd1 c3+ 30. Be2 a1=Q 0-1

[Event "BL 1011 SK Delmenhorst - SV Wattenschei"]
[Site "?"]
[Date "2011.02.06"]
[Round "9.7"]
[White "Handke, Florian"]
[Black "Skinke, Katrina"]
[Result "1-0"]
[WhiteElo "2494"]
[BlackElo "2237"]
[PlyCount "75"]
[EventDate "2011.??.??"]

1. b3 d5 2. Bb2 Nf6 3. e3 Bf5 4. f4 c5 5. Nf3 Nc6 6. Bb5 Qb6 7. Ba4 g6 8. Nc3
Rd8 9. Ne5 Bg7 10. Bxc6+ bxc6 11. Na4 Qb5 12. c4 dxc4 13. bxc4 Qb7 14. Qb3 Qc7
15. Nxc5 Ne4 16. Nxe4 Bxe4 17. Nxc6 Rd3 18. Qb4 a5 19. Nxa5 Bxb2 20. Qb5+ Qd7
21. Qb8+ Qd8 22. Qxb2 O-O 23. Nb3 Bxg2 24. Rg1 Ba8 25. Qe5 e6 26. Qg5 Qd6 27.
Rg3 Qc6 28. h4 Rfd8 29. h5 Qh1+ 30. Rg1 Qf3 31. f5 exf5 32. Rf1 Qc6 33. hxg6
hxg6 34. Rxf5 Qxc4 35. Rc1 Qb4 36. Rf2 R3d5 37. Qf6 Qb7 38. Rh2 1-0

[Event "BL 1011 SK Delmenhorst - SV Wattenschei"]
[Site "?"]
[Date "2011.02.06"]
[Round "9.8"]
[White "Ohse, Andreas Dr"]
[Black "Hirneise, Tobias"]
[Result "0-1"]
[WhiteElo "2133"]
[BlackElo "2436"]
[PlyCount "68"]
[EventDate "2011.??.??"]

1. d4 Nf6 2. Nf3 e6 3. g3 d5 4. Bg2 b5 5. O-O Nbd7 6. Bf4 Bb7 7. a4 b4 8. a5
Ba6 9. Re1 Be7 10. Ne5 Nxe5 11. dxe5 Nd7 12. e4 c6 13. exd5 cxd5 14. h4 Rc8 15.
c3 O-O 16. Qg4 Bd3 17. h5 Bf5 18. Qd1 Nc5 19. g4 Bxb1 20. Qxb1 Nb3 21. Ra4 Qd7
22. Rxb4 Bxb4 23. cxb4 Rc4 24. Be3 Rxg4 25. h6 f5 26. Qd3 Rxb4 27. Bg5 Rg4 28.
f4 Nc5 29. Qh3 Ne4 30. hxg7 Rc8 31. Rxe4 dxe4 32. Qb3 Rc1+ 33. Kh2 Rxg2+ 34.
Kxg2 Qd2+ 0-1

[Event "BL 1011 SG Turm Trier - Solinger SG"]
[Site "?"]
[Date "2011.02.06"]
[Round "9.1"]
[White "Smeets, Jan"]
[Black "Lupulescu, Constantin"]
[Result "1/2-1/2"]
[WhiteElo "2669"]
[BlackElo "2617"]
[PlyCount "49"]
[EventDate "2011.??.??"]

1. e4 c5 2. Nf3 d6 3. d4 cxd4 4. Nxd4 Nf6 5. Nc3 a6 6. Be3 e6 7. f3 b5 8. a4
Bb7 9. Qd2 b4 10. Na2 d5 11. e5 Nfd7 12. f4 Nc5 13. Bd3 a5 14. f5 exf5 15. Nxf5
Nxd3+ 16. cxd3 d4 17. Nxd4 Nc6 18. Nf3 Be7 19. Nc1 Qd5 20. d4 f6 21. exf6 Bxf6
22. Ne2 O-O 23. O-O Rad8 24. Bg5 Nxd4 25. Nexd4 1/2-1/2

[Event "BL 1011 SG Turm Trier - Solinger SG"]
[Site "?"]
[Date "2011.02.06"]
[Round "9.3"]
[White "Stellwagen, Daniel"]
[Black "Erdoes, Viktor"]
[Result "1/2-1/2"]
[WhiteElo "2635"]
[BlackElo "2576"]
[PlyCount "73"]
[EventDate "2011.??.??"]

1. e4 e5 2. Nf3 Nc6 3. Bb5 Nf6 4. O-O Nxe4 5. d4 Be7 6. Qe2 Nd6 7. Bxc6 bxc6 8.
dxe5 Nb7 9. c4 O-O 10. Nc3 f6 11. Re1 fxe5 12. Qxe5 Bf6 13. Qg3 Nd6 14. c5 Nf5
15. Qf4 Rb8 16. Ne4 d6 17. Nxf6+ Qxf6 18. Qc4+ Qf7 19. Qxf7+ Rxf7 20. b3 h6 21.
Ba3 d5 22. Re8+ Rf8 23. Rae1 g5 24. Bb2 Rb4 25. Bc3 Rf4 26. Bd2 Rxf3 27. gxf3
Nh4 28. Rxf8+ Kxf8 29. Rd1 Bh3 30. f4 Nf3+ 31. Kh1 Kf7 32. fxg5 hxg5 33. Bc3
Kg6 34. Rd3 g4 35. Re3 d4 36. Rxf3 gxf3 37. Bxd4 1/2-1/2

[Event "BL 1011 SG Turm Trier - Solinger SG"]
[Site "?"]
[Date "2011.02.06"]
[Round "9.4"]
[White "Cyborowski, Lukasz"]
[Black "L'Ami, Erwin"]
[Result "1/2-1/2"]
[WhiteElo "2531"]
[BlackElo "2624"]
[PlyCount "42"]
[EventDate "2011.??.??"]

1. e4 e5 2. Nf3 Nc6 3. Nc3 Nf6 4. Bb5 Bb4 5. O-O O-O 6. d3 d6 7. Ne2 Ne7 8. Ng3
c6 9. Ba4 Ng6 10. c3 Ba5 11. d4 Bb6 12. h3 exd4 13. cxd4 d5 14. Bg5 h6 15. Bxf6
Qxf6 16. e5 Qe7 17. Bc2 Nh4 18. Nh5 Nxf3+ 19. Qxf3 Qh4 20. Rad1 g6 21. Nf4 Qg5
1/2-1/2

[Event "BL 1011 SG Turm Trier - Solinger SG"]
[Site "?"]
[Date "2011.02.06"]
[Round "9.5"]
[White "Werle, Jan"]
[Black "Gordon, Stephen"]
[Result "1/2-1/2"]
[WhiteElo "2574"]
[BlackElo "2528"]
[PlyCount "80"]
[EventDate "2011.??.??"]

1. d4 Nf6 2. c4 e6 3. Nf3 d5 4. Nc3 Bb4 5. cxd5 exd5 6. Bg5 Nbd7 7. e3 c5 8.
Be2 Qa5 9. O-O Bxc3 10. bxc3 c4 11. Nd2 Qxc3 12. e4 Nxe4 13. Nxe4 dxe4 14. Rc1
Qa5 15. d5 b5 16. a4 Nb6 17. axb5 Qxb5 18. Qd4 O-O 19. Be7 Re8 20. d6 Qd5 21.
Qxd5 Nxd5 22. Bxc4 Nxe7 23. Bb5 Bd7 24. Bxd7 Red8 25. Rc7 Nd5 26. Rd1 Nf6 27.
Bc6 Rab8 28. h3 Rb6 29. Bd5 Nxd5 30. Rxd5 Kf8 31. d7 a6 32. Rd4 Re6 33. Kf1 Ke7
34. Ke2 f5 35. Ra7 Rd6 36. Rxd6 Kxd6 37. Rxa6+ Ke7 38. g4 Rxd7 39. gxf5 Rd6 40.
Ra4 Kf6 1/2-1/2

[Event "BL 1011 SG Turm Trier - Solinger SG"]
[Site "?"]
[Date "2011.02.06"]
[Round "9.8"]
[White "Seger, Ruediger"]
[Black "Ernst, Sipke"]
[Result "0-1"]
[WhiteElo "2416"]
[BlackElo "2587"]
[PlyCount "82"]
[EventDate "2011.??.??"]

1. e4 e5 2. Nf3 Nc6 3. Bb5 Nge7 4. Nc3 d6 5. d4 Bd7 6. Nd5 a6 7. Be2 Ng6 8. h4
Nxd4 9. Nxd4 exd4 10. h5 Ne5 11. Qxd4 c6 12. Nc3 Be7 13. Bf4 Be6 14. Rd1 Qc7
15. Bg3 b5 16. f4 Nc4 17. Bxc4 Bxc4 18. h6 Rg8 19. hxg7 c5 20. Nd5 Qd7 21. Qe3
Bxd5 22. Rxd5 Rxg7 23. Rdh5 O-O-O 24. Kf2 Rdg8 25. R1h3 Qe6 26. Rxh7 Rxh7 27.
Rxh7 Bf6 28. c3 Qxa2 29. Qd2 Qe6 30. Qd5 Qxd5 31. exd5 b4 32. Rxf7 Bxc3 33. Ra7
Kb8 34. Rxa6 Bxb2 35. f5 Kb7 36. Ra4 Bd4+ 37. Kf3 b3 38. Ra3 b2 39. Rb3+ Kc7
40. Bf4 c4 41. Rb4 c3 0-1

[Event "BL 1011 SV Griesheim - SC Remagen"]
[Site "?"]
[Date "2011.02.06"]
[Round "9.1"]
[White "Parligras, Mircea"]
[Black "Mista, Aleksandar"]
[Result "1-0"]
[WhiteElo "2601"]
[BlackElo "2574"]
[PlyCount "147"]
[EventDate "2011.??.??"]

1. d4 d5 2. c4 dxc4 3. e4 Nc6 4. Nf3 Bg4 5. Bxc4 Bxf3 6. Qxf3 e6 7. d5 Ne5 8.
Qc3 Nxc4 9. Qxc4 exd5 10. Qb5+ c6 11. Qxb7 Qc8 12. Qxc8+ Rxc8 13. exd5 cxd5 14.
O-O Bb4 15. Be3 Rc7 16. Rd1 Ne7 17. Nd2 Bxd2 18. Rxd2 Kd7 19. b4 Rd8 20. Kf1
Kc8 21. Rad1 Rcd7 22. Bc5 Nc6 23. f4 Kb7 24. Kf2 a6 25. a4 Na7 26. Kf3 Nc8 27.
a5 Kc6 28. Rc1 Kb7 29. g4 Re8 30. g5 g6 31. Rd4 Re6 32. Rc3 f5 33. gxf6 Rxf6
34. Re3 g5 35. Re5 Rxf4+ 36. Rxf4 gxf4 37. Kxf4 d4 38. Re2 Na7 39. Ke4 Nc6 40.
Kd3 Rd5 41. Rf2 Rh5 42. Kc4 Kc8 43. Rf8+ Kd7 44. Ra8 d3 45. Kxd3 Nxa5 46. Ra7+
Kc8 47. Rxa6 Rh3+ 48. Be3 Nb7 49. Rh6 Rxh6 50. Bxh6 Kd7 51. Kd4 Kc6 52. Ke5 Nd6
53. Bf8 Nc4+ 54. Kf6 Nd2 55. Kg7 Nf3 56. h3 Ng5 57. h4 Ne6+ 58. Kf7 Nd4 59. Kf6
Kd5 60. Bc5 Ne2 61. Kg7 h5 62. Kg6 Nf4+ 63. Kg5 Ke4 64. Bd6 Nd5 65. Kxh5 Kf5
66. b5 Nf6+ 67. Kh6 Ne4 68. Be7 Ke6 69. b6 Kd7 70. Kg6 Nc3 71. b7 Kc7 72. h5
Nd5 73. Bd6+ Kxb7 74. h6 1-0

[Event "BL 1011 SV Griesheim - SC Remagen"]
[Site "?"]
[Date "2011.02.06"]
[Round "9.2"]
[White "Berczes, David"]
[Black "Goloshchapov, Alexander"]
[Result "1-0"]
[WhiteElo "2520"]
[BlackElo "2576"]
[PlyCount "79"]
[EventDate "2011.??.??"]

1. d4 d5 2. c4 e6 3. Nf3 Nf6 4. g3 dxc4 5. Bg2 a6 6. O-O Nc6 7. e3 Bd7 8. Qe2
b5 9. b3 cxb3 10. axb3 Be7 11. Bd2 O-O 12. Rc1 Ra7 13. Nc3 Nb8 14. Ne5 Be8 15.
Na2 Nd5 16. Qe1 Bd6 17. Nd3 Qe7 18. e4 Nb6 19. e5 Ba3 20. Rc2 c5 21. dxc5 Nd5
22. Bxd5 exd5 23. Nc3 b4 24. Nxd5 Qd8 25. N3f4 Bc6 26. Bxb4 Bxd5 27. Bxa3 Bc6
28. Rd1 Qg5 29. Qe2 Qf5 30. Rc3 Re7 31. Re3 Nd7 32. Nd5 Re6 33. f4 h5 34. Nb4
Bb5 35. Qc2 Qg4 36. c6 Bxc6 37. Nxc6 Rxc6 38. Qe2 Qf5 39. e6 Rc2 40. Qd3 1-0

[Event "BL 1011 SV Griesheim - SC Remagen"]
[Site "?"]
[Date "2011.02.06"]
[Round "9.3"]
[White "Dgebuadze, Alexandre"]
[Black "Tazbir, Marcin"]
[Result "1/2-1/2"]
[WhiteElo "2524"]
[BlackElo "2523"]
[PlyCount "218"]
[EventDate "2011.??.??"]

1. e4 c5 2. Nf3 d6 3. d4 cxd4 4. Nxd4 Nf6 5. Nc3 a6 6. Be3 e5 7. Nf3 Qc7 8. a4
Be7 9. Be2 O-O 10. O-O Be6 11. a5 Rc8 12. Ng5 Bc4 13. Bxc4 Qxc4 14. Ra4 Qc6 15.
Qa1 Qe8 16. Nf3 Nbd7 17. Nd2 Bf8 18. h3 Qe6 19. Rd1 d5 20. exd5 Nxd5 21. Nxd5
Qxd5 22. Ne4 Qe6 23. c3 Rd8 24. Qa2 Qxa2 25. Rxa2 Be7 26. Raa1 f5 27. Bg5 Bxg5
28. Nxg5 Nf8 29. g4 g6 30. Nf3 e4 31. Nd4 Rd5 32. c4 Rc5 33. gxf5 gxf5 34. b4
Rxc4 35. Nxf5 Rxb4 36. Rdb1 Rxb1+ 37. Rxb1 Rb8 38. Nd6 Nd7 39. Nxe4 b6 40. Rd1
Nf8 41. Rd6 bxa5 42. Rxa6 Rb5 43. Ra7 Rf5 44. Nd6 Rg5+ 45. Kh2 Ng6 46. Ne4 Rf5
47. Kg3 h5 48. f3 Kf8 49. h4 Ne7 50. Ng5 Re5 51. Kf2 Rb5 52. Ne6+ Kf7 53. Nd4
Rc5 54. Nb3 Rc2+ 55. Kg3 Kf6 56. Rxa5 Rc3 57. Nd2 Kg6 58. Ne4 Rc6 59. Rg5+ Kh6
60. Re5 Ng6 61. Ra5 Rb6 62. Ng5 Rb4 63. Ra6 Rb7 64. Ne6 Kh7 65. Ra5 Kh6 66. Nd4
Rd7 67. Nf5+ Kh7 68. Ne3 Kh6 69. Rc5 Ra7 70. Nf5+ Kh7 71. Nd4 Kh6 72. Rg5 Ne7
73. Re5 Kg6 74. Kf4 Ra4 75. Re6+ Kf7 76. Re4 Kf6 77. Re6+ Kf7 78. Rd6 Ng6+ 79.
Kg3 Ne7 80. Kh3 Ng6 81. Kg3 Ne7 82. Kf2 Ng6 83. Rd7+ Ke8 84. Rd5 Nxh4 85. Ne2
Ra3 86. Ng1 Ra2+ 87. Kg3 Rg2+ 88. Kxh4 Rxg1 89. Rxh5 Kf7 90. Rf5+ Ke6 91. Rg5
Rf1 92. Kg4 Kf6 93. Ra5 Rb1 94. Ra6+ Kf7 95. Ra7+ Kf6 96. Ra6+ Kf7 97. Ra5 Kf6
98. Ra4 Rb3 99. Rf4+ Kg6 100. Rf8 Kg7 101. Ra8 Kf6 102. f4 Rb5 103. Ra6+ Kf7
104. Ra4 Kg6 105. Ra6+ Kf7 106. Rc6 Ra5 107. Rd6 Rc5 108. Ra6 Rb5 109. f5 Rb1
1/2-1/2

[Event "BL 1011 SV Griesheim - SC Remagen"]
[Site "?"]
[Date "2011.02.06"]
[Round "9.4"]
[White "Murdzia, Piotr"]
[Black "Swinkels, Robin"]
[Result "1-0"]
[WhiteElo "2477"]
[BlackElo "2478"]
[PlyCount "27"]
[EventDate "2011.??.??"]

1. d4 Nf6 2. c4 e6 3. Nf3 b6 4. Nc3 Bb4 5. Bg5 Bb7 6. Nd2 h6 7. Bh4 Nc6 8. e3
d6 9. Qc2 e5 10. d5 Nb8 11. Qa4+ Nbd7 12. Bxf6 Qxf6 13. Qxb4 Qg6 14. Qa4 1-0